Marketing budúcnosti
Inteligentný a empatický marketing, ktorého základom je získanie podrobných informácií o zákazníkovi. Nové technológie umožnia integráciu a analýzu dát získaných z rôznych zdrojov. Správne vyhodnotenie a využitie získaných informácií o zákazníkovi.
Salvato in:
| Autore principale: | |
|---|---|
| Natura: | Capitolo di libro |
| Lingua: | slovacco |
| Soggetti: | |
| Tags: |
Nessun Tag, puoi essere il primo ad aggiungerne!!
|
MARC
| LEADER | 00000naa a2200000 4500 | ||
|---|---|---|---|
| 001 | 0181968 | ||
| 005 | 20230912102328.7 | ||
| 041 | 0 | |a slo | |
| 044 | |a SK | ||
| 245 | 1 | 0 | |a Marketing budúcnosti |c Lenka Kmeťová |
| 520 | |a Inteligentný a empatický marketing, ktorého základom je získanie podrobných informácií o zákazníkovi. Nové technológie umožnia integráciu a analýzu dát získaných z rôznych zdrojov. Správne vyhodnotenie a využitie získaných informácií o zákazníkovi. | ||
| 610 | 2 | 0 | |a marketing |
| 610 | 2 | 0 | |a nástroje marketingové |
| 610 | 2 | 0 | |a stratégia marketingová |
| 610 | 2 | 0 | |a marketing interaktívny |
| 610 | 2 | 0 | |a starostlivosť o zákazníkov |
| 610 | 2 | 0 | |a komunikácia marketingová |
| 100 | 1 | |a Kmeťová, Lenka | |